REMOTE SENSING AND GIS (Record no. 22429)

MARC details
000 -LEADER
fixed length control field 00309nam a22001457a 4500
003 - CONTROL NUMBER IDENTIFIER
control field SGT
020 ## - INTERNATIONAL STANDARD BOOK NUMBER
International Standard Book Number 978-0-19-949664-8
082 ## - DEWEY DECIMAL CLASSIFICATION NUMBER
Classification number 910.28
Item number BHA
100 ## - MAIN ENTRY--PERSONAL NAME
Personal name BHATTA, BASUDEB
245 ## - TITLE STATEMENT
Title REMOTE SENSING AND GIS
250 ## - EDITION STATEMENT
Edition statement 3RD
260 ## - PUBLICATION, DISTRIBUTION, ETC. (IMPRINT)
Place of publication, distribution, etc DELHI
Name of publisher, distributor, etc OXFORD
Year of Publication 2021
300 ## - PAGE DESCRIPTION
No. of Pages 732
942 ## - ADDED ENTRY ELEMENTS (KOHA)
Source of classification or shelving scheme Dewey Decimal Classification
Koha item type Books
942 ## - ADDED ENTRY ELEMENTS (KOHA)
-- 1
Holdings
Withdrawn status Lost status Source of classification or shelving scheme Damaged status Not for loan Home library Current library Shelving location Date acquired Vendor Name Cost, normal purchase price SGTU Bill Number Total Checkouts Full call number Accession No. (Barcode) Date last seen Date last borrowed Bill Date Koha item type
    Dewey Decimal Classification     SGT Science & Social Sciences Library SGT Science & Social Sciences Library Text Book 05/03/2022 ABC 890.00 SGTU 13685 1 910.28 BHA AG2248 27/08/2024 20/08/2024   Books
    Dewey Decimal Classification     SGT Science & Social Sciences Library SGT Science & Social Sciences Library Text Book 05/03/2022 ABC 890.00 SGTU 13685   910.28 BHA AG2249 05/03/2022     Books
    Dewey Decimal Classification     SGT Science & Social Sciences Library SGT Science & Social Sciences Library Text Book 05/03/2022 ABC 890.00 SGTU 13685 2 910.28 BHA AG2250 22/12/2025 03/11/2025   Books